[Event "WCh Women 2018"]
[Site "Khanty-Mansiysk RUS"]
[Date "2018.11.08"]
[Round "2.4"]
[White "Pogonina, Natalija"]
[Black "Zhu, Jiner"]
[Result "1/2-1/2"]
[WhiteTitle "WGM"]
[BlackTitle "WIM"]
[WhiteElo "2465"]
[BlackElo "2379"]
[WhiteFideId "4147855"]
[BlackFideId "8608059"]
[EventDate "2018.11.03"]

1. d4 Nf6 2. c4 g6 3. Nf3 Bg7 4. e3 O-O 5. Be2 c5 6. d5 e6 7. Nc3 exd5 8. cxd5
d6 9. Nd2 Na6 10. O-O Nc7 11. e4 Re8 12. Re1 a6 13. a4 b6 14. Bf1 Rb8 15. Nc4 b5
16. axb5 Nxb5 17. Nxb5 axb5 18. Na5 Bd7 19. Nc6 Bxc6 20. dxc6 Qb6 21. Qxd6 Rbd8
22. Qf4 Qxc6 23. Ra7 Qb6 24. Ra1 Qb7 25. Ra5 c4 26. Qg5 Nxe4 27. Qxb5 Qc7 28.
Ra4 Bd4 29. Be3 Nd6 30. Qd5 Bxe3 31. Rxe3 Rxe3 32. fxe3 Qe7 33. Qc5 Rc8 34. Ra7
Qe6 35. Qb6 Qe8 36. Ra3 Rc6 37. Qb4 h5 38. h3 Kh7 39. Rc3 Qc8 40. Be2 Qc7 41.
Qa4 Qb6 42. Qc2 Nb5 43. Rxc4 Qxe3+ 44. Kh1 Re6 45. Bf1 Nd6 46. Rc3 Qe1 47. Rf3
Nf5 48. Qf2 Qc1 49. g4 hxg4 50. hxg4 Nh6 51. Rxf7+ Nxf7 52. Qxf7+ Kh6 53. Qxe6
Qxf1+ 54. Kh2 Qf2+ 1/2-1/2

[Event "WCh Women 2018"]
[Site "Khanty-Mansiysk RUS"]
[Date "2018.11.08"]
[Round "2.4"]
[White "Abdumalik, Zhansaya"]
[Black "Zhao, Xue"]
[Result "1-0"]
[WhiteTitle "IM"]
[BlackTitle "GM"]
[WhiteElo "2473"]
[BlackElo "2478"]
[WhiteFideId "13703544"]
[BlackFideId "8601283"]
[EventDate "2018.11.03"]

1. e4 Nf6 2. e5 Nd5 3. d4 d6 4. Nf3 c6 5. exd6 Qxd6 6. c4 Nf6 7. Nc3 Bg4 8. Be2
Nbd7 9. h3 Bh5 10. O-O e6 11. c5 Qc7 12. b4 Be7 13. a4 O-O 14. Bg5 Rfd8 15. Qb3
b6 16. Rfe1 a5 17. cxb6 Nxb6 18. b5 h6 19. Bh4 Nfd5 20. Bxe7 Nxe7 21. Rac1 Rab8
22. bxc6 Nxc6 23. Nb5 Qd7 24. Red1 Nd5 25. Ne5 Nxe5 26. Bxh5 Nc6 27. Bf3 Nce7
28. Rc5 Nc7 29. Rb1 Na6 30. Rc4 Nf5 31. Qd1 Qe7 32. Rbc1 Nb4 33. Qe2 Qf6 34. Rd1
Rd7 35. Qe5 Rbd8 36. Qc5 Nh4 37. Bc6 Nxc6 38. Qxc6 Rd5 39. Rc3 Rg5 40. Rg3 Rxg3
41. fxg3 Nf5 42. Qc3 h5 43. Rf1 Qg5 44. Qxa5 Nxg3 45. Re1 Rc8 46. Qa6 Rc2 47.
Qa8+ Kh7 48. Qf3 Nf5 49. Rf1 h4 50. d5 Ne3 51. Rf2 Rc1+ 52. Kh2 Qe5+ 53. Qf4
Qxf4+ 54. Rxf4 Nf1+ 55. Kg1 Ne3+ 56. Kf2 Nxd5 57. Rxf7 Ra1 58. Nd4 Kg6 59. Ra7
Kf6 60. Ra6 Nf4 61. Kf3 g5 62. a5 Ra3+ 63. Ke4 Ra2 64. Ra8 Rxg2 65. a6 Ra2 66.
a7 Kg7 67. Nc6 Ra4+ 68. Ke5 g4 69. Rb8 Nxh3 70. a8=Q Rxa8 71. Rxa8 g3 72. Ra2
Nf2 73. Nd4 h3 74. Nf3 h2 75. Ra1 Kf7 76. Kf4 h1=Q 77. Rxh1 Nxh1 78. Kg4 Kf6 79.
Kh3 Kf5 80. Kg2 Kf4 81. Ng1 Ke3 82. Nh3 Nf2 83. Ng5 e5 84. Nf7 e4 85. Kxg3 1-0

[Event "WCh Women 2018"]
[Site "Khanty-Mansiysk RUS"]
[Date "2018.11.08"]
[Round "2.5"]
[White "Pogonina, Natalija"]
[Black "Zhu, Jiner"]
[Result "1-0"]
[WhiteTitle "WGM"]
[BlackTitle "WIM"]
[WhiteElo "2465"]
[BlackElo "2379"]
[WhiteFideId "4147855"]
[BlackFideId "8608059"]
[EventDate "2018.11.03"]

1. d4 Nf6 2. c4 g6 3. Nc3 Bg7 4. e4 d6 5. Be2 O-O 6. Bg5 c5 7. d5 e6 8. Qd2 exd5
9. exd5 Re8 10. Nf3 Qb6 11. O-O Ne4 12. Nxe4 Rxe4 13. Bd3 Re8 14. Rae1 Rf8 15.
Be7 Bg4 16. Bxf8 Kxf8 17. Ng5 h6 18. Nxf7 Kxf7 19. Qf4+ Bf5 20. Bxf5 gxf5 21.
Qxf5+ Bf6 22. Qh5+ Kg7 23. Re8 Qxb2 24. Qg4+ Bg5 25. Qe6 1-0

[Event "WCh Women 2018"]
[Site "Khanty-Mansiysk RUS"]
[Date "2018.11.08"]
[Round "2.6"]
[White "Zhu, Jiner"]
[Black "Pogonina, Natalija"]
[Result "0-1"]
[WhiteTitle "WIM"]
[BlackTitle "WGM"]
[WhiteElo "2379"]
[BlackElo "2465"]
[WhiteFideId "8608059"]
[BlackFideId "4147855"]
[EventDate "2018.11.03"]

1. e4 e5 2. Nf3 Nc6 3. Bc4 Bc5 4. b4 Bb6 5. a4 a6 6. Nc3 d6 7. Nd5 Ba7 8. d3 h6
9. O-O Nf6 10. c3 O-O 11. h3 Nxd5 12. Bxd5 Ne7 13. Bb3 Be6 14. Bxe6 fxe6 15. d4
Ng6 16. g3 Qf6 17. Kg2 Rf7 18. Be3 exd4 19. cxd4 e5 20. d5 Bxe3 21. fxe3 Qe7 22.
Qe2 Qd7 23. g4 Raf8 24. Kg3 c6 25. dxc6 Qxc6 26. Qd3 Ne7 27. Kg2 Rf6 28. b5 axb5
29. axb5 Qb6 30. h4 Qd8 31. g5 R6f7 32. Kg3 h5 33. Rad1 Qc8 34. Nh2 Rxf1 35.
Rxf1 Rxf1 36. Qxf1 Qc3 37. Qe2 d5 38. exd5 Nxd5 39. Nf1 Nf4 40. Qa2+ Kh7 41.
Qb1+ Kh8 42. Qd1 Kg8 43. Qd8+ Kh7 44. Qd1 Kg8 45. Kh2 Qb2+ 46. Nd2 Nd5 47. g6
Nxe3 48. Qe2 Qxd2 0-1

[Event "WCh Women 2018"]
[Site "Khanty-Mansiysk RUS"]
[Date "2018.11.09"]
[Round "3.1"]
[White "Zhai, Mo"]
[Black "Ju, Wenjun"]
[Result "0-1"]
[WhiteTitle "WGM"]
[BlackTitle "GM"]
[WhiteElo "2352"]
[BlackElo "2568"]
[WhiteFideId "8600201"]
[BlackFideId "8603006"]
[EventDate "2018.11.03"]

1. c4 e5 2. g3 c6 3. Nf3 e4 4. Nd4 Qb6 5. Nb3 Nf6 6. Bg2 d5 7. cxd5 a5 8. a4
cxd5 9. O-O Na6 10. d3 Nc5 11. Nxc5 Bxc5 12. dxe4 dxe4 13. Nc3 e3 14. fxe3 Bxe3+
15. Kh1 Bxc1 16. Rxc1 O-O 17. Nd5 Nxd5 18. Qxd5 Qxb2 19. Rxf7 Rxf7 20. Rf1 Bf5
21. Rxf5 Qc1+ 22. Rf1 Qc7 23. Qb3 Kf8 24. Qa3+ Qe7 25. Rxf7+ Kxf7 26. Bd5+ Kf8
27. Qf3+ Qf6 28. Qa3+ Ke8 29. Kg2 Rc8 30. Qd3 Qe5 31. Bf3 g6 32. h4 Rc7 33. Qb3
Kf8 34. Qd3 Kg7 35. Qd8 Rf7 36. Qb6 Re7 37. Qd8 Qc5 38. Qb8 Qd4 39. Qc8 Qe5 40.
Qd8 Qc5 41. Qb8 Qc7 42. Qa8 h6 43. Bd5 Rxe2+ 44. Kf3 Re7 45. Qg8+ Kf6 46. Qh8+
Rg7 47. Qf8+ Ke5 48. Ba2 Qc6+ 49. Ke2 Qe4+ 50. Kd1 Rd7+ 0-1

[Event "WCh Women 2018"]
[Site "Khanty-Mansiysk RUS"]
[Date "2018.11.09"]
[Round "3.1"]
[White "Muzychuk, Anna"]
[Black "Stefanova, Antoaneta"]
[Result "1-0"]
[WhiteTitle "GM"]
[BlackTitle "GM"]
[WhiteElo "2564"]
[BlackElo "2490"]
[WhiteFideId "14111330"]
[BlackFideId "2902257"]
[EventDate "2018.11.03"]

1. e4 e5 2. Nf3 Nf6 3. Nxe5 d6 4. Nf3 Nxe4 5. d4 d5 6. Bd3 Bd6 7. O-O O-O 8. c4
c6 9. Qc2 Nf6 10. c5 Be7 11. Bf4 h6 12. h3 b6 13. Nbd2 bxc5 14. dxc5 Qa5 15.
Rac1 Nfd7 16. Nb3 Qa4 17. Rfe1 Qxf4 18. Rxe7 Rd8 19. Rce1 Nf8 20. Re8 Qc7 21.
R1e7 Bd7 22. Bh7+ Kh8 23. Ne5 Bxe8 24. Rxc7 Nxh7 25. Rxf7 Kg8 26. Qg6 1-0

[Event "WCh Women 2018"]
[Site "Khanty-Mansiysk RUS"]
[Date "2018.11.09"]
[Round "3.1"]
[White "Alinasab, Mobina"]
[Black "Muzychuk, Mariya"]
[Result "1/2-1/2"]
[WhiteTitle "WIM"]
[BlackTitle "GM"]
[WhiteElo "2236"]
[BlackElo "2545"]
[WhiteFideId "12528897"]
[BlackFideId "14114550"]
[EventDate "2018.11.03"]

1. e4 c5 2. Nf3 Nc6 3. d4 cxd4 4. Nxd4 Nf6 5. Nc3 e5 6. Ndb5 d6 7. Bg5 a6 8. Na3
b5 9. Bxf6 gxf6 10. Nd5 Bg7 11. Bd3 Ne7 12. Nxe7 Qxe7 13. O-O O-O 14. c4 f5 15.
Qh5 Qf6 16. exf5 Bb7 17. Rae1 Rfd8 18. b3 Qh6 19. Qg4 Kh8 20. Be4 Bxe4 21. Qxe4
Qd2 22. Nc2 d5 23. cxd5 Qxd5 24. Qh4 f6 25. Qh5 Rac8 26. Rd1 Qb7 27. Rxd8+ Rxd8
28. Ne3 Bf8 29. Rd1 Rd4 30. Qe8 Rxd1+ 31. Nxd1 Kg7 32. Ne3 Bc5 33. h3 Bxe3 34.
fxe3 Qe4 35. Qe7+ Kg8 36. Qe6+ Kg7 37. Kf2 Qc2+ 38. Kg3 Qc5 39. Kf3 a5 40. Qd7+
Kg8 41. h4 a4 42. h5 e4+ 43. Kf4 Kf8 44. h6 Qe5+ 45. Kg4 Qb2 46. Kh3 axb3 47.
Qxh7 Qc1 48. Qg7+ Ke8 49. h7 Qh1+ 50. Kg3 Qe1+ 51. Kg4 Qd1+ 52. Kg3 Qe1+ 53. Kf4
Qf1+ 54. Kxe4 Qc4+ 55. Kf3 Qf1+ 56. Kg3 Qe1+ 57. Kg4 Qd1+ 58. Kh3 Qh1+ 59. Kg3
Qe1+ 60. Kf3 Qf1+ 1/2-1/2

[Event "WCh Women 2018"]
[Site "Khanty-Mansiysk RUS"]
[Date "2018.11.09"]
[Round "3.1"]
[White "Pogonina, Natalija"]
[Black "Lagno, Kateryna"]
[Result "1/2-1/2"]
[WhiteTitle "WGM"]
[BlackTitle "GM"]
[WhiteElo "2465"]
[BlackElo "2556"]
[WhiteFideId "4147855"]
[BlackFideId "14109336"]
[EventDate "2018.11.03"]

1. d4 Nf6 2. Nf3 g6 3. Nbd2 Bg7 4. e4 d6 5. Bd3 O-O 6. O-O c5 7. c3 cxd4 8. cxd4
e5 9. Re1 exd4 10. Nxd4 Ng4 11. N4f3 Nc6 12. h3 Nge5 13. Nxe5 Nxe5 14. Bf1 d5
15. exd5 Qxd5 16. Ne4 Qxd1 17. Rxd1 Be6 18. Nd6 Rad8 19. Be3 Rd7 20. Bb5 Nc6 21.
Nxb7 Rxb7 22. Bxc6 Rxb2 23. Bxa7 1/2-1/2

[Event "WCh Women 2018"]
[Site "Khanty-Mansiysk RUS"]
[Date "2018.11.09"]
[Round "3.1"]
[White "Tokhirjonova, Gulrukhbegim"]
[Black "Gunina, Valentina"]
[Result "1-0"]
[WhiteTitle "WGM"]
[BlackTitle "GM"]
[WhiteElo "2435"]
[BlackElo "2497"]
[WhiteFideId "14203626"]
[BlackFideId "4167570"]
[EventDate "2018.11.03"]

1. e4 c6 2. d4 d5 3. e5 Bf5 4. h4 h6 5. g4 Be4 6. f3 Bh7 7. e6 Nf6 8. Nc3 fxe6
9. Bd3 Qd6 10. Nge2 Nbd7 11. Bxh7 Nxh7 12. f4 O-O-O 13. Qd3 Nhf6 14. Rg1 g5 15.
hxg5 hxg5 16. fxg5 Ne4 17. Nxe4 dxe4 18. Qxe4 e5 19. Bd2 exd4 20. O-O-O Nc5 21.
Qf3 e5 22. Ng3 Qd5 23. Qf5+ Kb8 24. Kb1 Be7 25. Rge1 Nd7 26. Qe4 Rhg8 27. c3
Bxg5 28. Bxg5 Rxg5 29. cxd4 Qg8 30. dxe5 Rxg4 31. Qf5 Rg5 32. Qf4 Rf8 33. Qd4
Qg6+ 34. Ka1 Rxg3 35. Qxd7 Qg7 36. Qd6+ Kc8 37. Qe6+ Kb8 38. Qd6+ Kc8 39. Rf1
Re8 40. e6 Rg8 41. Rf7 1-0

[Event "WCh Women 2018"]
[Site "Khanty-Mansiysk RUS"]
[Date "2018.11.09"]
[Round "3.1"]
[White "Galliamova, Alisa"]
[Black "Lei, Tingjie"]
[Result "1/2-1/2"]
[WhiteTitle "IM"]
[BlackTitle "GM"]
[WhiteElo "2432"]
[BlackElo "2457"]
[WhiteFideId "4129725"]
[BlackFideId "8605114"]
[EventDate "2018.11.03"]

1. d4 Nf6 2. Nf3 d5 3. c4 e6 4. g3 Be7 5. Bg2 O-O 6. O-O dxc4 7. Qc2 a6 8. a4
Bd7 9. Qxc4 Bc6 10. Bf4 Bd6 11. Bg5 Nbd7 12. Nc3 h6 13. Bc1 Qe7 14. a5 Rac8 15.
Re1 Bb4 16. Bd2 Rfd8 17. Qb3 Rb8 18. Nb1 Bd6 19. Nc3 Bb4 20. Nb1 Bd6 1/2-1/2

[Event "WCh Women 2018"]
[Site "Khanty-Mansiysk RUS"]
[Date "2018.11.09"]
[Round "3.1"]
[White "Zawadzka, Jolanta"]
[Black "Abdumalik, Zhansaya"]
[Result "1-0"]
[WhiteTitle "WGM"]
[BlackTitle "IM"]
[WhiteElo "2407"]
[BlackElo "2473"]
[WhiteFideId "1122320"]
[BlackFideId "13703544"]
[EventDate "2018.11.03"]

1. e4 e5 2. Nf3 Nc6 3. Bc4 Bc5 4. c3 Nf6 5. d4 exd4 6. e5 d5 7. Be2 Ne4 8. cxd4
Be7 9. O-O O-O 10. Nc3 Bg4 11. h3 Bh5 12. Be3 f5 13. exf6 Bxf6 14. Re1 Kh8 15.
Rc1 a6 16. Nh2 Bg6 17. Ng4 Bh4 18. Nxe4 Bxe4 19. Bd3 Nb4 20. Bb1 Bxb1 21. Rxb1
Nc6 22. Qd2 Be7 23. a3 a5 24. Re2 Bd6 25. Rbe1 Qc8 26. Ne5 Ne7 27. Bf4 Ng8 28.
Bh2 Nf6 29. f3 Ra6 30. Nd3 Bxh2+ 31. Kxh2 Ng8 32. Nc5 Rh6 33. Ne6 Rff6 34. Ng5
Rhg6 35. f4 Qf5 36. g3 h6 37. Nf3 b6 38. Nh4 Qd7 39. Qd3 Qd6 40. Nxg6+ Rxg6 41.
Re8 Rf6 42. R1e5 Qc6 43. Rc8 Re6 44. Qc3 Kh7 45. Rxc7 Qd6 46. Qc2+ Kh8 47. Rc8
Rxe5 48. dxe5 Qe6 49. Qc6 Qf5 50. Qe8 Qh7 51. e6 d4 52. e7 d3 53. Qxg8+ Qxg8 54.
Rxg8+ 1-0

[Event "WCh Women 2018"]
[Site "Khanty-Mansiysk RUS"]
[Date "2018.11.10"]
[Round "3.2"]
[White "Ju, Wenjun"]
[Black "Zhai, Mo"]
[Result "1/2-1/2"]
[WhiteTitle "GM"]
[BlackTitle "WGM"]
[WhiteElo "2568"]
[BlackElo "2352"]
[WhiteFideId "8603006"]
[BlackFideId "8600201"]
[EventDate "2018.11.03"]

1. Nf3 c5 2. c4 g6 3. d4 cxd4 4. Nxd4 Nc6 5. e4 Bg7 6. Be3 Nf6 7. Nc3 d6 8. Be2
O-O 9. O-O Bd7 10. Qd2 Nxd4 11. Bxd4 a6 12. Rfd1 Bc6 13. f3 a5 14. b3 Nd7 15.
Rac1 Nc5 16. Be3 Qb6 17. Nd5 Bxd5 18. cxd5 Rfc8 19. Kh1 Qb4 20. Rc2 Qxd2 21.
Bxd2 Be5 22. g3 Kg7 23. Kg2 f5 24. exf5 gxf5 25. Rdc1 Rh8 26. Be3 b6 27. Rb1
Rab8 28. f4 Bf6 29. Bxc5 bxc5 30. Bd3 Rb4 31. Rc4 Rhb8 32. Rbc1 Rf8 33. Rxb4
axb4 34. Re1 Rf7 35. Re6 Bd4 36. Kf3 Bc3 37. h3 Bb2 38. Bb5 Bf6 39. Bd3 Bb2 40.
Bb5 Bf6 1/2-1/2

[Event "WCh Women 2018"]
[Site "Khanty-Mansiysk RUS"]
[Date "2018.11.10"]
[Round "3.2"]
[White "Gunina, Valentina"]
[Black "Tokhirjonova, Gulrukhbegim"]
[Result "1-0"]
[WhiteTitle "GM"]
[BlackTitle "WGM"]
[WhiteElo "2497"]
[BlackElo "2435"]
[WhiteFideId "4167570"]
[BlackFideId "14203626"]
[EventDate "2018.11.03"]

1. d4 d5 2. Nf3 Nf6 3. c4 dxc4 4. e3 Bg4 5. Bxc4 e6 6. Nc3 c5 7. Qa4+ Nbd7 8.
Ne5 cxd4 9. exd4 a6 10. Nxg4 Nxg4 11. Be2 Nf6 12. Bf3 Qb6 13. g4 h6 14. h4 Bd6
15. Bd2 Rc8 16. O-O-O h5 17. gxh5 Qc7 18. Kb1 Kf8 19. Bg5 Nb6 20. Qb3 Nxh5 21.
d5 Nf4 22. dxe6 Nxe6 23. Ne4 Nxg5 24. Nxd6 Rd8 25. Qb4 Qe7 26. Rhe1 Ne6 27. Qxb6
Rxh4 28. Nf5 Rxd1+ 29. Rxd1 Rb4 30. Qa5 b6 31. Qe5 Qc7 32. Qxc7 Nxc7 33. Rd8+
Ne8 34. Bc6 1-0

[Event "WCh Women 2018"]
[Site "Khanty-Mansiysk RUS"]
[Date "2018.11.11"]
[Round "3.3"]
[White "Muzychuk, Anna"]
[Black "Stefanova, Antoaneta"]
[Result "1/2-1/2"]
[WhiteTitle "GM"]
[BlackTitle "GM"]
[WhiteElo "2564"]
[BlackElo "2490"]
[WhiteFideId "14111330"]
[BlackFideId "2902257"]
[EventDate "2018.11.03"]

1. e4 e5 2. Nf3 Nc6 3. Bb5 Nf6 4. d3 Bc5 5. O-O d6 6. Be3 Bb6 7. c4 O-O 8. Bxc6
bxc6 9. c5 Bxc5 10. Bxc5 dxc5 11. Qc2 Qd6 12. Nbd2 Ba6 13. Nc4 Bxc4 14. Qxc4 a5
15. Rac1 Nd7 16. Nd2 a4 17. Qc3 Qe6 18. Nc4 f5 19. exf5 Rxf5 20. Rce1 Raf8 21.
Re4 Qf7 22. f3 Rg5 23. a3 Qg6 24. Qc2 Qh5 25. Qe2 Rf6 26. Ne3 Nb6 27. h4 Rg3 28.
Ng4 Rf5 29. Qe1 Qxh4 30. Nf6+ Qxf6 31. Qxg3 Nd5 32. Rxa4 Nf4 33. Qf2 Rg5 34.
Rxf4 exf4 35. Re1 h5 36. Re4 Rd5 37. Qd2 Qd6 38. Qxf4 1/2-1/2

[Event "WCh Women 2018"]
[Site "Khanty-Mansiysk RUS"]
[Date "2018.11.11"]
[Round "3.3"]
[White "Pogonina, Natalija"]
[Black "Lagno, Kateryna"]
[Result "1/2-1/2"]
[WhiteTitle "WGM"]
[BlackTitle "GM"]
[WhiteElo "2465"]
[BlackElo "2556"]
[WhiteFideId "4147855"]
[BlackFideId "14109336"]
[EventDate "2018.11.03"]

1. d4 Nf6 2. c4 g6 3. g3 Bg7 4. Bg2 O-O 5. Nc3 d6 6. Nf3 Nc6 7. O-O e5 8. dxe5
dxe5 9. Bg5 Be6 10. Qc1 Qc8 11. b3 Bg4 12. Bh6 Rd8 13. Bxg7 Kxg7 14. Qe3 Qe6 15.
Rad1 h6 16. Nd5 Rac8 17. Rd2 Bxf3 18. Bxf3 Nd4 19. Nxf6 Nxf3+ 20. exf3 Qxf6 21.
Rfd1 Rxd2 22. Rxd2 Re8 23. Rd7 Qc6 24. Rd5 Qb6 25. Rxe5 Qxe3 26. Rxe3 Rd8 27.
Re7 Rc8 28. f4 Kf6 29. Rd7 Ke6 30. Rd2 h5 31. Kg2 a6 32. Kf3 Rb8 33. Ke4 f5+ 34.
Ke3 Re8 35. Rd5 Kf6+ 36. Kd2 Re6 37. Rd7 Re7 38. Rd5 Ke6 39. Kc3 Kf6 40. Rd2 a5
41. c5 Re1 42. Kc4 c6 43. a4 Rc1+ 44. Kd4 Rb1 45. Kc4 Rc1+ 46. Kd4 Rb1 1/2-1/2

[Event "WCh Women 2018"]
[Site "Khanty-Mansiysk RUS"]
[Date "2018.11.11"]
[Round "3.3"]
[White "Tokhirjonova, Gulrukhbegim"]
[Black "Gunina, Valentina"]
[Result "1-0"]
[WhiteTitle "WGM"]
[BlackTitle "GM"]
[WhiteElo "2435"]
[BlackElo "2497"]
[WhiteFideId "14203626"]
[BlackFideId "4167570"]
[EventDate "2018.11.03"]

1. e4 c6 2. d4 d5 3. e5 Bf5 4. h4 h5 5. c4 e6 6. Nc3 Ne7 7. Nge2 Nd7 8. Ng3 Bg6
9. Bg5 Qb6 10. Rc1 dxc4 11. Bxc4 O-O-O 12. Na4 Qc7 13. O-O f6 14. Be3 fxe5 15.
Bxe6 Kb8 16. Qb3 exd4 17. Bxd4 Nc8 18. Rfd1 Bd6 19. Bxg7 Rhe8 20. Bh3 Bf4 21.
Rxd7 Rxd7 22. Nc5 Ka8 23. Bxd7 Bxc1 24. Bxe8 Bxe8 25. Qc3 b6 26. Be5 Qe7 27. Nd3
Bh6 28. Nf5 Qe6 29. Nxh6 Qxh6 30. Qd4 Qe6 31. Bg3 Kb7 32. Qf4 c5 33. Qc7+ Ka6
34. Qxc5 bxc5 35. Nxc5+ Kb5 36. Nxe6 Bf7 37. Ng7 Nb6 38. Be5 Nc4 39. Bd4 a5 40.
f3 Kc6 41. Kf2 a4 42. b3 axb3 43. axb3 Nd6 44. b4 Kb5 45. Bc5 Nc4 46. g4 hxg4
47. fxg4 Kc6 48. h5 Kd5 49. Kg3 Ke5 50. b5 Nd2 51. Ba7 Ne4+ 52. Kf3 Bd5 53. Ke3
Kf6 54. h6 Kg6 55. Nf5 Nf6 56. Kf4 Bc4 57. b6 Ba6 58. Ne7+ Kh7 59. g5 Nd7 60.
Kf5 Bb7 61. Ke6 Nc5+ 62. Kf7 Ba6 63. Bb8 Bc4+ 64. Ke8 Bb5+ 65. Kd8 Ne6+ 66. Kc8
Nxg5 67. Bf4 Nf7 68. Kc7 Ba6 69. Nd5 Nh8 70. Nb4 Ng6 71. Nxa6 Nxf4 72. b7 1-0

[Event "WCh Women 2018"]
[Site "Khanty-Mansiysk RUS"]
[Date "2018.11.11"]
[Round "3.3"]
[White "Galliamova, Alisa"]
[Black "Lei, Tingjie"]
[Result "0-1"]
[WhiteTitle "IM"]
[BlackTitle "GM"]
[WhiteElo "2432"]
[BlackElo "2457"]
[WhiteFideId "4129725"]
[BlackFideId "8605114"]
[EventDate "2018.11.03"]

1. Nf3 Nf6 2. g3 g6 3. Bg2 Bg7 4. d4 d5 5. c4 c6 6. Qb3 O-O 7. O-O Qb6 8. Nc3
Rd8 9. Bd2 dxc4 10. Qxc4 Be6 11. Qa4 Na6 12. e4 Bg4 13. Be3 Qb4 14. Qc2 Rac8 15.
a3 Qa5 16. h3 Be6 17. b4 Qc7 18. Rfd1 h6 19. Rac1 Qd7 20. Ne5 Qe8 21. Qe2 Bb3
22. Rd2 Nd7 23. f4 Nxe5 24. fxe5 Nc7 25. Rb1 Be6 26. g4 Nb5 27. Nxb5 cxb5 28. d5
Bd7 29. Bxa7 Bxe5 30. Bb6 Rc4 31. Bxd8 Qxd8 32. Rc2 Qb6+ 33. Kf1 Qf6+ 34. Kg1
Qf4 35. Rb3 Qh2+ 36. Kf2 Bd4+ 37. Kf3 g5 38. Qd3 Rxc2 39. Qxc2 Qf4+ 40. Ke2 Qf2+
41. Kd1 Qg1+ 42. Ke2 Qxg2+ 43. Kd3 Qg1 44. Qd2 Be5 45. Kc2 Qa1 46. Rd3 Qa2+ 47.
Kd1 Qb1+ 48. Ke2 Qh1 49. Rf3 Qg2+ 50. Rf2 Qxh3 51. Qd3 Bxg4+ 52. Kd2 Qxd3+ 53.
Kxd3 h5 54. Ke3 f6 55. Ra2 h4 56. a4 bxa4 57. Rxa4 h3 58. Ra2 h2 0-1

[Event "WCh Women 2018"]
[Site "Khanty-Mansiysk RUS"]
[Date "2018.11.11"]
[Round "3.3"]
[White "Kosteniuk, Alexandra"]
[Black "Harika, Dronavalli"]
[Result "1-0"]
[WhiteTitle "GM"]
[BlackTitle "GM"]
[WhiteElo "2543"]
[BlackElo "2498"]
[WhiteFideId "4128125"]
[BlackFideId "5015197"]
[EventDate "2018.11.03"]

1. e4 e6 2. d4 d5 3. Nd2 c5 4. exd5 exd5 5. Ngf3 Nc6 6. Bb5 cxd4 7. O-O Bd6 8.
Nb3 Ne7 9. Nbxd4 O-O 10. Bg5 Qc7 11. h3 h6 12. Be3 Ne5 13. Nxe5 Bxe5 14. c3 Nc6
15. Nf3 Rd8 16. Qd3 Bf6 17. Ba4 Ne7 18. Nd4 Qc4 19. Qd1 Nf5 20. Nxf5 Bxf5 21.
Bb3 Qh4 22. Re1 Rd7 23. Qf3 Be4 24. Qg4 Qxg4 25. hxg4 b5 26. Rad1 a5 27. f3 Bg6
28. Rxd5 Re7 29. Bf2 a4 30. Bd1 a3 31. bxa3 Rxe1+ 32. Bxe1 Rxa3 33. Bb3 Bb1 34.
Rd2 Kh7 35. Re2 Bd3 36. Bc2 Bxc2 37. Rxc2 Be5 38. Kf2 Kg6 39. Ke2 f5 40. gxf5+
Kxf5 41. Bd2 h5 42. Rb2 Ra5 43. Kd3 g6 44. Kc2 Ke6 45. Kb1 Bf6 46. Rb3 Kd7 47.
c4 bxc4 48. Bxa5 cxb3 49. axb3 Ke6 50. Kc2 Kf5 51. Kd3 g5 52. Bc7 g4 53. fxg4+
Kxg4 54. b4 Be7 55. b5 Bc5 56. Kc4 Ba7 57. Be5 h4 58. Bd4 Bxd4 59. Kxd4 Kg3 60.
b6 Kxg2 61. b7 h3 62. b8=Q h2 63. Qb2+ Kg1 64. Ke3 1-0

[Event "WCh Women 2018"]
[Site "Khanty-Mansiysk RUS"]
[Date "2018.11.11"]
[Round "3.3"]
[White "Abdumalik, Zhansaya"]
[Black "Zawadzka, Jolanta"]
[Result "1-0"]
[WhiteTitle "IM"]
[BlackTitle "WGM"]
[WhiteElo "2473"]
[BlackElo "2407"]
[WhiteFideId "13703544"]
[BlackFideId "1122320"]
[EventDate "2018.11.03"]

1. e4 d5 2. exd5 Qxd5 3. Nc3 Qd6 4. d4 Nf6 5. Nf3 Bg4 6. h3 Bh5 7. g4 Bg6 8. Ne5
Nbd7 9. Nc4 Qe6+ 10. Ne3 O-O-O 11. Bg2 h5 12. g5 Ne4 13. Qf3 f5 14. O-O c6 15.
h4 Nxc3 16. bxc3 Nb6 17. Bh3 Qf7 18. a4 e6 19. a5 Nd5 20. Nc4 Bd6 21. Nxd6+ Rxd6
22. c4 Nc7 23. c3 Na6 24. Bf4 Rd7 25. Be5 Re8 26. Qf4 Kd8 27. c5 Qg8 28. Rfb1
Ke7 29. Rb2 Ra8 30. Rab1 Qc8 31. Bf1 Nc7 32. Rxb7 Nd5 33. Rxd7+ Qxd7 34. Qd2 f4
35. Bd3 Bxd3 36. Qxd3 Kf8 37. Qh7 Qf7 38. Rb7 1-0

[Event "WCh Women 2018"]
[Site "Khanty-Mansiysk RUS"]
[Date "2018.11.11"]
[Round "3.5"]
[White "Lagno, Kateryna"]
[Black "Pogonina, Natalija"]
[Result "1/2-1/2"]
[WhiteTitle "GM"]
[BlackTitle "WGM"]
[WhiteElo "2556"]
[BlackElo "2465"]
[WhiteFideId "14109336"]
[BlackFideId "4147855"]
[EventDate "2018.11.03"]

1. e4 e5 2. Nf3 Nc6 3. Bb5 a6 4. Ba4 Nf6 5. O-O Be7 6. Re1 b5 7. Bb3 d6 8. c3
O-O 9. h3 Nb8 10. d4 Nbd7 11. Nbd2 c5 12. Nf1 Re8 13. Ng3 Bf8 14. Be3 Qc7 15.
Qe2 exd4 16. cxd4 Bb7 17. Nd2 g6 18. Rac1 Bg7 19. a4 Qb6 20. e5 cxd4 21. a5 Qxa5
22. e6 fxe6 23. Bxd4 Bd5 24. h4 e5 25. Be3 Bxb3 26. Nxb3 Qb4 27. Qd1 d5 28. h5
d4 29. Bd2 Qd6 30. Qf3 Rac8 31. hxg6 hxg6 32. Qd3 Rxc1 33. Bxc1 Nf8 34. Bg5 Rc8
35. Bxf6 Qxf6 36. Ne4 Qb6 37. Ng5 Qf6 38. Ne4 Qf5 39. Nbc5 Rc6 40. b4 Qf7 41.
Ng5 Qd5 42. Ra1 Rf6 43. Nge4 Rc6 44. Qf3 Qf7 45. Qh3 Ne6 46. Nxa6 Nf4 47. Qf3
Qd5 48. g3 Rc3 49. Qh1 Qc6 50. gxf4 Rc1+ 51. Rxc1 Qxc1+ 52. Kh2 Qxf4+ 53. Kg1 d3
54. Kf1 Qc1+ 55. Kg2 d2 56. Nxd2 Qxd2 57. Qh3 Qd5+ 58. Kg1 Bf8 59. Qc8 Qd1+ 60.
Kg2 Qd5+ 61. Kg1 e4 62. Nc5 Qg5+ 63. Kf1 Qf5 64. Ne6 e3 65. f4 g5 66. Ke2 gxf4
67. Kf3 Qf7 68. Nxf8 Qxf8 69. Qg4+ Qg7 70. Qxf4 Qc3 71. Qg5+ Kf7 72. Qxb5 Ke6
73. Qb6+ Kd5 74. b5 Qc5 75. Qd8+ Kc4 76. b6 Kb5 77. Qd3+ Kxb6 78. Qxe3 Qxe3+ 1/2-1/2